The effect of intervening hard tooth structure, technique of application and curing time on the surface hardness of photo-cured dental composite / (رقم التسجيلة. 177517)

تفاصيل مارك
000 -LEADER
fixed length control field 01589namaa22003251i 4500
005 - أخر تعامل مع التسجيلة
control field 20260303101537.0
008 - FIXED-LENGTH DATA ELEMENTS--GENERAL INFORMATION
fixed length control field 260108s1994 ua ado|frm||| 000 0 eng d
040 ## - CATALOGING SOURCE
Original cataloguing agency EG-GICUC
Language of cataloging eng
Transcribing agency EG-GICUC
Modifying agency EG-GICUC
Description conventions rda
041 0# - LANGUAGE CODE
Language code of text/sound track or separate title eng
Language code of summary or abstract eng
-- ara
049 ## - Acquisition Source
Acquisition Source Deposit
097 ## - Degree
Degree M.Sc
099 ## - LOCAL FREE-TEXT CALL NUMBER (OCLC)
Local Call Number Cai01.09.03.M.Sc.1994.He.E
100 0# - MAIN ENTRY--PERSONAL NAME
Authority record control number or standard number Heba Salah Hamza
Preparation preparation.
245 14 - TITLE STATEMENT
Title The effect of intervening hard tooth structure, technique of application and curing time on the surface hardness of photo-cured dental composite /
Statement of responsibility, etc. Heba Salah Hamza ; Supervised Dr. Amr Ahmed Shabka, Dr. Adel Ezzat Khairy, Dr.Abdelkhalek Attia.
246 15 - VARYING FORM OF TITLE
Title proper/short title تأثير تداخل الاجزاء الصلبة السنية, تقنية الوضع وزمن الطبخ على الصلابة السطحية للمواد الراتنجية السنية المركبة الضوئية
264 #0 - PRODUCTION, PUBLICATION, DISTRIBUTION, MANUFACTURE, AND COPYRIGHT NOTICE
Date of production, publication, distribution, manufacture, or copyright notice 1994.
300 ## - PHYSICAL DESCRIPTION
Extent 94 pages :
Other physical details illustrations ;
Dimensions 30 cm. +
336 ## - CONTENT TYPE
Source rda content
Content type term text
337 ## - MEDIA TYPE
Source rdamedia
Media type term Unmediated
338 ## - CARRIER TYPE
Source rdacarrier
Carrier type term volume
502 ## - DISSERTATION NOTE
Dissertation note Thesis (M.Sc.)-Cairo University, 2023.
504 ## - BIBLIOGRAPHY, ETC. NOTE
Bibliography, etc. note Bibliography: pages 87-94
653 #0 - INDEX TERM--UNCONTROLLED
Uncontrolled term Dental Enamel
-- Dentine
-- Composite Dental Resin
700 0# - ADDED ENTRY--PERSONAL NAME
Personal name Amr Ahmed Shabka.
Relator term thesis advisor.
700 0# - ADDED ENTRY--PERSONAL NAME
Personal name Adel Ezzat Khairy.
Relator term thesis advisor.
700 0# - ADDED ENTRY--PERSONAL NAME
Personal name Abdelkhalek Attia.
Relator term thesis advisor.
900 ## - Thesis Information
Department Department of Operative Dentistry
Faculties Faculty of Oral and Dental Medicine
Universities Cairo University
Grant date 1994
Supervisory body Abdelkhalek Attia
-- Adel Ezzat Khairy
-- Abdelkhalek Attia
905 ## - Cataloger and Reviser Names
Cataloger Name Nermeen_Ahmed
Reviser Names Nourhan
942 ## - ADDED ENTRY ELEMENTS (KOHA)
Source of classification or shelving scheme Dewey Decimal Classification
Koha item type Thesis
Edition 21
Suppress in OPAC No
المقتنيات
Source of classification or shelving scheme Home library Current library Date acquired Inventory number Full call number Barcode Date last seen Effective from Koha item type
Dewey Decimal Classification المكتبة المركزبة الجديدة - جامعة القاهرة مكتبة المئوية 08.01.2026 25784 Cai01.09.03.M.Sc.1994.He.E 01010110025784000 08.01.2026 08.01.2026 Thesis
Cairo University Libraries Portal Implemented & Customized by: Eng. M. Mohamady Contacts: new-lib@cl.cu.edu.eg | cnul@cl.cu.edu.eg
CUCL logo CNUL logo
© All rights reserved — Cairo University Libraries
CUCL logo
Implemented & Customized by: Eng. M. Mohamady Contact: new-lib@cl.cu.edu.eg © All rights reserved — New Central Library
CNUL logo
Implemented & Customized by: Eng. M. Mohamady Contact: cnul@cl.cu.edu.eg © All rights reserved — Cairo National University Library